[Event "GBR-ch87"]
[Site "Millfield"]
[Date "2000.08.11"]
[Round "11.32"]
[White "Binks, Michael E"]
[Black "McDonnell, James"]
[Result "1/2-1/2"]
[WhiteElo "2155"]
[BlackElo "2050"]
[PlyCount "68"]
[EventDate "2000.07.31"]
[EventType "swiss"]
[EventRounds "11"]
[EventCountry "GBR"]
[SourceTitle "BritBase"]
[SourceDate "2008.07.14"]
[SourceVersion "1"]
[SourceVersionDate "2008.07.14"]
[SourceQuality "2"]

1. d4 d5 2. c4 c6 3. Nf3 Nf6 4. Nc3 dxc4 5. a4 Bf5 6. e3 e6 7. Bxc4 Bb4 8. O-O
O-O 9. Bd3 Bxd3 10. Qxd3 Be7 11. e4 a5 12. Bg5 h6 13. Bxf6 Bxf6 14. e5 Be7 15.
Rfe1 Na6 16. Rad1 Nb4 17. Qe4 Qb6 18. g4 Rad8 19. h4 Nd5 20. Nxd5 cxd5 21. Qe3
Rc8 22. g5 h5 23. Rc1 g6 24. b3 Ba3 25. Rb1 Qb4 26. Red1 Rc3 27. Rd3 Rfc8 28.
Kg2 R8c6 29. Rxc3 Rxc3 30. Qd2 b6 31. Qd1 Qe7 32. Ng1 Qc7 33. Ne2 Rc2 34. Qd3
Bb2 1/2-1/2

[Event "GBR-ch87"]
[Site "Millfield"]
[Date "2000.08.11"]
[Round "11.33"]
[White "Orton, Stephen"]
[Black "Freeman, Richard CP"]
[Result "0-1"]
[WhiteElo "2045"]
[BlackElo "2025"]
[PlyCount "52"]
[EventDate "2000.07.31"]
[EventType "swiss"]
[EventRounds "11"]
[EventCountry "GBR"]
[SourceTitle "BritBase"]
[SourceDate "2008.07.14"]
[SourceVersion "1"]
[SourceVersionDate "2008.07.14"]
[SourceQuality "2"]

1. e4 c5 2. Nf3 g6 3. c4 Bg7 4. d4 cxd4 5. Nxd4 Nc6 6. Be3 Nf6 7. Nc3 Ng4 8.
Qxg4 Nxd4 9. Qd1 Ne6 10. Rc1 Qa5 11. Bd3 b6 12. O-O g5 13. Nd5 Qxa2 14. Ra1
Qxb2 15. Qa4 Bb7 16. Rfb1 Bc6 17. Qa6 Qe5 18. g3 Qd6 19. c5 bxc5 20. Ra2 O-O
21. Rd1 Nd4 22. f4 Nf5 23. Kf2 Nxe3 24. Nxe3 gxf4 25. Nf5 Bd4+ 26. Kf1 Qe5 0-1

[Event "GBR-ch87"]
[Site "Millfield"]
[Date "2000.08.11"]
[Round "11.34"]
[White "Howell, David W"]
[Black "Pleasants, Allan"]
[Result "1-0"]
[WhiteElo "2020"]
[BlackElo "2040"]
[PlyCount "73"]
[EventDate "2000.07.31"]
[EventType "swiss"]
[EventRounds "11"]
[EventCountry "GBR"]
[SourceTitle "BritBase"]
[SourceDate "2008.07.14"]
[SourceVersion "1"]
[SourceVersionDate "2008.07.14"]
[SourceQuality "2"]

1. e4 d5 2. exd5 Nf6 3. d4 Nxd5 4. c4 Nf6 5. Nc3 c6 6. Bg5 Nbd7 7. Nf3 e6 8.
Bd3 Be7 9. O-O O-O 10. Re1 Re8 11. Qc2 Nf8 12. a3 b6 13. b4 a5 14. Qb3 Bb7 15.
Rad1 axb4 16. axb4 Qc7 17. Ne5 Red8 18. Bc2 Rac8 19. c5 b5 20. Ne4 Nxe4 21.
Bxe7 Qxe7 22. Bxe4 f6 23. Nf3 Qf7 24. Ra1 Ra8 25. Qb2 Ng6 26. Bxg6 hxg6 27. Nd2
Ra4 28. Ne4 Rda8 29. Nd6 Qd7 30. Rxa4 Rxa4 31. Ra1 Ba6 32. Ra3 Qa7 33. Qa2 Bc8
34. Rxa4 Qxa4 35. Qb1 Qa8 36. h4 Kf8 37. Qxg6 1-0